Les Hommes et Leur Passe /

محفوظ في:

مؤلف مشترك: Ministere des Affaires Etrangeres

مؤلفون آخرون: Saint-Blanquat, Henri de.

التنسيق: كتاب

اللغة: French

الموضوعات:

الوسوم: إضافة وسم

لا توجد وسوم, كن أول من يضع وسما على هذه التسجيلة!

رقم الطلب: ( F )CC65 .F2 1990

LEADER 00789namaa2200217 4500
001 16573
003 OSt
005 20210805120951.0
008 130303s1990 fr a g 000 0 fre d
952 |0 0  |1 0  |2 lcc  |4 0  |7 1  |9 17453  |a ARCE  |b ARCE  |d 2021-08-05  |l 0  |o ( F )CC65 .F2 1990  |p 1033016  |r 2021-08-05 00:00:00  |w 2021-08-05  |y BK 
999 |c 14315  |d 14315 
040 |c ARCE Library 
050 0 4 |a ( F )CC65 .F2 1990 
110 2 |a Ministere des Affaires Etrangeres, 
245 1 4 |a Les Hommes et Leur Passe /  |c Ministère des Affaires Étrangères ; Commissaire : Henri de Saint-Blanquat. 
264 1 |a Paris :  |b Association Française d'Action Artistique,  |c 1990 
300 |a 64 pages :  |b Illustrations ;  |c 34 cm. 
650 0 |a Human beings.  
700 1 |a Saint-Blanquat, Henri de. 
901 |a reviewed 
942 |c BK  |2 lcc